| 000 | 00930nam a2200241 a 4500 | ||
|---|---|---|---|
| 001 | 81623 | ||
| 003 | BD-RjUL | ||
| 005 | 20230801104830.0 | ||
| 008 | 230801s2022 bg ||||| |||| 00| 0 ben d | ||
| 020 | _a9788189827809 | ||
| 035 | _a(BD-RjUL)81623 | ||
| 040 |
_aBD-RjUL _beng _cBD-RjUL |
||
| 041 | _aben | ||
| 082 |
_223 _a891.4409 _bBHA 2022 |
||
| 245 |
_aভারতচন্দ্র ও অন্নদামঙ্গল / _cসম্পাদনা ভবেশ মজুমদার |
||
| 250 | _a২য় সং. | ||
| 260 |
_aকলকাতা : _bবঙ্গীয় সাহিত্য সংসদ, _c২০২২ |
||
| 300 |
_a২৯৬ পৃ.; _c২২ সেমি. |
||
| 650 |
_aবাংলা সাহিত্য _xইতিহাস ও সমালোচনা |
||
| 650 |
_aBengali Literature _xHistory and Criticism |
||
| 700 |
_dমজুমদার, ভবেশ _98176 |
||
| 942 |
_2ddc _cBK |
||
| 999 |
_c81623 _d81623 |
||